000 00897nam a22002777a 4500
001 BR7909450
003 BR-BrBNA
005 20230928090513.0
007 ta
008 230509b bl.||||| |||| 00| 0 por d
040 _aBR-BrBNA
_bpor
_cBiblioteca Nacional de Agricultura
041 _a(Por)
072 _aL73
_b5300
_b4110
_b/G514
090 _ 5300 BR7909450
100 1 _aBrito, J.R.F.
100 1 _aBrito, M.A.V.P.
110 1 _aCentro Nacional de Pesquisa de Suinos, Concordia, SC (Brasil)
_91808
245 1 _aRinite atrofica dos suinos. Alternativas de controle [Brasil]
260 3 _aConcordia, SC (Brasil):
_c1979.
300 _a4 p.
500 _a(*) Documento disponível no(a) Instituto de Planejamento e Economia Agricola de Santa Catarina, Florianopolis (Brazil)
650 _aRINITE ATROFICA
650 _aSUINO
909 _a202309
_bLucia
_c55
_dLucia Elande
942 _cBK
999 _c29109
_d29109